Loading...
| Current Events | 1 | 1 | 0 | 0 | 25 | 61 | 77.50 | 1 | 2 |
| History - European History | 0 | 2 | 0 | 0 | 20 | 81 | 94.00 | 1 | 2 |
| Fine Arts - Auditory Fine Arts | 1 | 1 | 1 | 0 | 20 | 63 | 86.50 | 2 | 2 |
| Philosophy | 1 | 0 | 0 | 0 | 15 | 72 | 72.00 | 1 | 1 |
| History - World History | 1 | 0 | 1 | 0 | 10 | 44 | 44.00 | 1 | 1 |
| Fine Arts - Visual Fine Arts | 0 | 1 | 0 | 0 | 10 | 144 | 144.00 | 0 | 1 |
| Science - Other Science | 1 | 0 | 2 | 0 | 5 | 69 | 69.00 | 0 | 1 |
| History - American History | 0 | 1 | 1 | 0 | 5 | 116 | 116.00 | 0 | 1 |
| History - Ancient History | 0 | 2 | 3 | 0 | 5 | 100 | 120.50 | 0 | 2 |
| Social Science | 0 | 1 | 2 | 0 | 0 | 110 | 110.00 | 1 | 1 |
| Science - Biology | 0 | 0 | 1 | 0 | -5 | 0.00 | 0 | 0 | |
| Science - Chemistry | 0 | 0 | 1 | 0 | -5 | 0.00 | 0 | 0 | |
| Literature - World Literature | 0 | 0 | 1 | 0 | -5 | 0.00 | 0 | 0 | |
| Geography | 0 | 0 | 2 | 0 | -10 | 0.00 | 0 | 0 |